Największe państwa świata - Statystyki

Ogólne statystyki
  • Ten quiz został rozwiązany 51 razy
  • Średni wynik to 8 z 10
Statystyki odpowiedzi
Hint Odpowiedź % Poprawnych
10 mln km Kanada
100%
17,1 mln km Rosja
100%
9,6 mln km Chiny
98%
9,5 mln km Stany Zjednoczone
96%
8,5 mln km Brazylia
89%
2,8 mln km Argentyna
84%
7,7 mln km Australia
80%
3,3 mln km Indie
76%
2,7 mln km Kazachstan
56%
2,4 mln km Algieria
44%
Nie znaleziono quizów pasujących do podanych kryteriów
Rozkład punktacji
Procent ludzi z każdym wynikiem
Percentyl według liczby udzielonych odpowiedzi
Twoja historia wyników
Nie rozwiązałeś tego quizu